| 000 | 00813cam a22002653a 4500 | ||
|---|---|---|---|
| 001 | 30372 | ||
| 003 | PGUSA | ||
| 005 | 20140828083645.0 | ||
| 008 | 091031s2009||||xxu|||||s|||||000 1 eng d | ||
| 040 |
_aPGUSA _beng |
||
| 042 | _adc | ||
| 050 | 4 | _aPZ | |
| 100 | 1 |
_aAlger, Horatio, _d1832-1899 |
|
| 245 | 1 | 0 |
_aRobert Coverdale's Struggle : _bOr, On The Wave Of Success _h[electronic resource] / _cHoratio Alger |
| 260 |
_bProject Gutenberg, _c2009 |
||
| 506 | _aPublic domain in the USA. | ||
| 516 | _aElectronic text | ||
| 653 | _aMissing persons -- Fiction | ||
| 653 | _aNew England -- History -- 19th century -- Fiction | ||
| 653 | _aConduct of life -- Fiction | ||
| 653 | _aHermits -- Fiction | ||
| 830 | 0 |
_aProject Gutenberg _v30372 |
|
| 856 | 4 | 0 | _uhttp://www.gutenberg.org/ebooks/30372 |
| 942 | _cEB | ||
| 999 |
_c259627 _d259627 |
||